000 00628nam a2200253Ia 4500
003 OSt
005 20220912151341.0
006 a|||||r|||| 00| 0
007 ta
008 220909b |||||||| |||| 00| 0 eng d
024 _a54051
037 _cTextual
040 _aCSL
_beng
_cCSL
041 _aeng
082 _aK1, K71.2
100 _aKaestner Alfred
245 0 _aInvertebrate zoology
260 _aNew York
_b John Wiley
_c1967
300 _aix, 472p.
_ccm.
650 _a Invertebrates
650 _aZoology
942 _hK1, K71.2
_cTEXL
_2CC
999 _c66693
_d66693